The Confederate States Ten-Cent Blue Lithograph (Record no. 3460)
[ view plain ]
| 000 -LEADER | |
|---|---|
| fixed length control field | 00307nam a22000977a 4500 |
| 008 - FIXED-LENGTH DATA ELEMENTS--GENERAL INFORMATION | |
| fixed length control field | 221212b ||||| |||| 00| 0 eng d |
| 100 ## - MAIN ENTRY--AUTHOR'S NAME | |
| Author's Name | Green, Brian M. |
| 245 ## - TITLE STATEMENT | |
| Title | The Confederate States Ten-Cent Blue Lithograph |
| 260 ## - PUBLICATION, DISTRIBUTION, ETC. (IMPRINT) | |
| Place of publication, distribution, etc. | New York |
| Name of publisher, distributor, etc. | The Philatelic Foundation |
| 650 ## - TOPICAL TERM (Tag) | |
| Topical term or geographic name | Confederate States | Blue Lithograph |
| Withdrawn status | Lost status | Source of classification or shelving scheme | Damaged status | Koha normalized classification for sorting | Not for loan | Collection code | Permanent Location | Current Location | Shelving location | Date acquired | Total Checkouts | Full call number | Barcode | Date last seen | Price effective from | Koha item type |
|---|---|---|---|---|---|---|---|---|---|---|---|---|---|---|---|---|
| V3861 D313 G7952 | Barbara Mueller Collection | Northern Philatelic Library | Northern Philatelic Library | Vertical File | 12/12/2022 | V3861 D313 G7952 | 1005938 | 12/12/2022 | 12/12/2022 | Books |